FIFA World Cup Finals Scorers - Sudden Death - Statistics

General Stats
  • This quiz has been taken 440 times
  • The average score is 9 of 22
Answers on the Grid
Answers color-coded by a green-red scale on the quiz's grid according to % correct below.
Lionel Messi
Kylian Mbappé
Ángel Di María
Paul Pogba
Ivan Perišić
Antoine Griezmann
Mario Mandžukić
Mario Götze
Andrés Iniesta
Marco Materazzi
Zidedine Zidane
Ronaldo
Emmanuel Petit
Andreas Brehme
Rudi Völler
Paolo Rossi
Mario Kempes
Gerd Müller
Pelé
Geoff Hurst
Ferenc Puskás
Alcides Ghiggia
Cristiano Ronaldo
Luka Modrić
Lautaro Martínez
Arjen Robben
Marco Reus
Francesco Totti
Ronaldinho
Bebeto
Romário
Diego Maradona
Lothar Matthäus
Johan Cruyff
Franz Beckenbauer
Bobby Charlton
Neymar
Marco van Basten
Michel Platini
Roberto Baggio
Kaká
Alfredo Di Stéfano
Fernando Torres
Andriy Shevchenko
Kevin Keegan
 
Answer Stats
Answer % Correct
Lionel Messi
63%
Kylian Mbappé
62%
Pelé
60%
Mario Götze
56%
Ronaldo
56%
Zidedine Zidane
56%
Andrés Iniesta
55%
Ángel Di María
49%
Antoine Griezmann
42%
Mario Mandžukić
42%
Paul Pogba
42%
Ivan Perišić
39%
Marco Materazzi
36%
Geoff Hurst
35%
Gerd Müller
32%
Mario Kempes
30%
Emmanuel Petit
29%
Paolo Rossi
27%
Andreas Brehme
26%
Rudi Völler
16%
Alcides Ghiggia
14%
Ferenc Puskás
14%
No matching quizzes found
Score Distribution
Percent of People with Each Score
Percentile by Number Answered
Your Score History
You have not taken this quiz